Statistics for Countries the US Invaded, Occupied or Fought

Click here to take the quiz!

General Stats

  • This quiz has been taken 3,363 times
    (518 since last reset)
  • The average score is 42 of 71

Answer Stats

Answer % Correct
United Kingdom
96%
Japan
94%
Mexico
94%
Germany
94%
France
93%
Iraq
92%
Russia
90%
China
89%
Canada
89%
Spain
85%
Italy
85%
Iran
85%
Afghanistan
85%
Vietnam
84%
Cuba
83%
North Korea
83%
Syria
77%
Egypt
75%
Libya
72%
Laos
71%
Turkey
71%
Algeria
71%
Cambodia
71%
Philippines
71%
Panama
71%
Pakistan
71%
South Korea
70%
Colombia
69%
Morocco
64%
Nicaragua
63%
Austria
62%
Haiti
62%
Argentina
61%
Indonesia
60%
Thailand
60%
Somalia
60%
Guatemala
60%
Greece
59%
Honduras
59%
Chile
57%
Yemen
57%
Lebanon
57%
Dominican Republic
56%
Tunisia
55%
El Salvador
54%
Peru
52%
Grenada
52%
Serbia
52%
Taiwan
48%
Albania
48%
Croatia
47%
Sudan
47%
Romania
46%
Democratic Republic of the Congo
46%
Bosnia and Herzegovina
45%
Bolivia
42%
Angola
39%
Paraguay
37%
Uruguay
36%
Kosovo
36%
Montenegro
30%
Suriname
27%
Iceland
26%
Liberia
25%
Samoa
19%
Central African Republic
18%
Fiji
17%
Kiribati
15%
Sierra Leone
15%
Cote d'Ivoire
7%
Comoros
4%

Score Distribution

Percentile by Number Answered

Percent of People with Each Score

Your Score History

You have not taken this quiz since the last reset